Statystyki dla Co to za zwierzę ? (trudne)

Kliknij tutaj aby rozwiązać quiz!

Ogólne statystyki

  • Ten quiz został rozwiązany 54 razy
  • Średni wynik to 4 z 10

Statystyki odpowiedzi

Odpowiedź% Poprawnych
Tapir
82%
Narwal jednozębny/Narwal
69%
Kazuar
51%
Termit
44%
Fregata wielka/Fregata
31%
Jenot
31%
Arapaima
24%
Kot pustynny
24%
Babirussa
22%
Rekin polarny
16%

Rozkład punktacji

Percentyl według liczby udzielonych odpowiedzi

Procent ludzi z każdym wynikiem

Twoja historia wyników

Nie rozwiązałeś tego quizu